| 000 | 00846nas a2200289 4500 | ||
|---|---|---|---|
| 001 | BR0801592 | ||
| 003 | BR-BrBNA | ||
| 005 | 20231205111719.0 | ||
| 007 | ta | ||
| 008 | 230509b bl.|||p| |||| 00| 00por d | ||
| 040 |
_aBR-BrBNA _bpor _cBiblioteca Nacional de Agricultura |
||
| 041 | _a(Pt) | ||
| 072 | _aL70 | ||
| 100 | 1 | _aCassu, R.N. | |
| 100 | 1 | _aBarbúglio, F.R. | |
| 100 | 1 | _aDuarte, R.R. | |
| 100 | 1 | _aAzevedo, L.F.F. | |
| 100 | 1 | _aSanches, O.C. | |
| 245 | 1 | _aComparação do efeito anestésico local do tramadol ao da lindocaína para biópsia de pele em eqüinos | |
| 650 | _aANESTESIA | ||
| 650 | _aEQUINO | ||
| 650 | _aBIOPSIA | ||
| 650 | _aMEDICAMENTO | ||
| 773 | 0 |
_tARS Veterinária (Brazil) _xISSN 0102-6380 _g(2006), v. 22(1) p. 8-15 _wBR0801592 |
|
| 909 |
_a202311 _bLúcia _c55 _dLúcia Elande |
||
| 942 |
_2AGRIS _n0 _cANA |
||
| 999 |
_c194101 _d194101 |
||